Brytyjscy filozofowie - nagła śmierć - Statystyki

Ogólne statystyki
  • Ten quiz został rozwiązany 88 razy
  • Średni wynik to 6 z 15
Answers on the Grid
Answers color-coded by a green-red scale on the quiz's grid according to % correct below.
Bertrand Russell
John Locke
Jeremy Bentham
Francis Bacon
George Berkeley
William Ockham
Francis Herbert Bradley
George Edward Moore
John Stuart Mill
James Mill
Thomas Hobbes
Herbert Spencer
Adam Smith
David Hume
Alfred North Whitehead
Herbert Marcuse
William James
Ayn Rand
Hannah Arendt
Henri Bergson
Martin Heidegger
Richard Rorty
Jacques Derrida
Roman Ingarden
Józef Tischner
 
Statystyki odpowiedzi
Odpowiedź % Poprawnych
Adam Smith
58%
Herbert Spencer
54%
John Locke
50%
John Stuart Mill
50%
William Ockham
50%
David Hume
46%
Francis Bacon
46%
George Berkeley
46%
George Edward Moore
46%
Bertrand Russell
42%
Thomas Hobbes
38%
Francis Herbert Bradley
29%
James Mill
29%
Jeremy Bentham
29%
Alfred North Whitehead
25%
Nie znaleziono quizów pasujących do podanych kryteriów
Rozkład punktacji
Procent ludzi z każdym wynikiem
Percentyl według liczby udzielonych odpowiedzi
Twoja historia wyników
Nie rozwiązałeś tego quizu